000 00306nam a22001337a 4500
008 170323b xxu||||| |||| 00| 0 eng d
020 _a9780838513965
041 _aeng
080 _a616.8
100 _a8
101 _aSHM
245 _aCONURAL DIVERS IN HEALTH AND ILLNESS
_cSPECTOR.R.E
942 _2udc
_cBK
999 _c8489
_d8489